[Event "GER-chT U14"]
[Site "Arendsee"]
[Date "2009.12.28"]
[Round "4.3"]
[White "Vu Tuan, Minh"]
[Black "Ilitsch, Marc"]
[Result "0-1"]
[WhiteElo "1399"]
[BlackElo "1171"]
[PlyCount "80"]
[EventDate "2009.12.27"]
[EventType "team-swiss"]
[EventRounds "7"]
[EventCountry "GER"]
[SourceTitle "EXT 2022"]
[Source "ChessBase"]
[SourceDate "2021.10.06"]
[SourceVersion "1"]
[SourceVersionDate "2021.10.06"]
[SourceQuality "1"]
[WhiteTeam "Bautzen Einheit U14"]
[BlackTeam "Balingen U14"]
[WhiteTeamCountry "GER"]
[BlackTeamCountry "GER"]

1. e4 e5 2. Nf3 Nc6 3. Bc4 Bc5 4. c3 Nf6 5. d3 0-0 6. 0-0 h6 7. b4 Bb6 8. a4 a6 9. Bb3 d5 10. Nbd2 Bg4 11. Re1 Qd7 12. h3 Bxf3 13. Nxf3 dxe4 14. dxe4 Qxd1 15. Bxd1 Rad8 16. Bc2 Rfe8 17. Bb2 Nd7 18. Nd2 Nf6 19. Nc4 Ba7 20. b5 Nb8 21. Na3 Bc5 22. c4 Rd2 23. Rac1 Rxf2 24. Kh1 axb5 25. cxb5 Bxa3 26. Bxa3 Rd8 27. Bb4 Rd4 28. Bc5 Rxc2 29. Bxd4 Rxc1 30. Rxc1 exd4 31. Rd1 c5 32. e5 Ne4 33. Kg1 Nd7 34. a5 Nc3 35. Re1 Nxb5 36. Kf2 c4 37. Rb1 c3 38. Ke2 c2 39. Rc1 Na3 40. Kd3 Nc5+ 0-1

[Event "GER-chT U12"]
[Site "Verden an der Aller"]
[Date "2007.12.29"]
[Round "5.3"]
[White "Sabirov, Ramil"]
[Black "Vu Tuan, Minh"]
[Result "1/2-1/2"]
[WhiteElo "1147"]
[BlackElo "1184"]
[PlyCount "73"]
[EventDate "2007.12.27"]
[EventType "team-swiss"]
[EventRounds "7"]
[EventCountry "GER"]
[SourceTitle "EXT 2009"]
[Source "ChessBase"]
[SourceDate "2008.11.26"]
[SourceVersion "1"]
[SourceVersionDate "2008.11.26"]
[SourceQuality "1"]
[WhiteTeam "Porz SG U12"]
[BlackTeam "Bautzen Einheit U12"]
[WhiteTeamCountry "GER"]
[BlackTeamCountry "GER"]

1. e4 c5 2. d4 e6 3. Nf3 cxd4 4. Nxd4 a6 5. Nc3 Qc7 6. Be3 Bb4 7. Qd2 Nf6 8. f3 d5 9. Bd3 e5 10. exd5 exd4 11. Bxd4 Qd7 12. Kd1 0-0 13. Re1 Qd6 14. Qg5 h6 15. Qh4 Nbd7 16. f4 Bxc3 17. bxc3 Qxd5 18. g3 Qh5+ 19. Qxh5 Nxh5 20. Re3 b5 21. Be4 Rb8 22. Ba7 Bb7 23. Bxb8 Rxb8 24. Bxb7 Rxb7 25. Re8+ Kh7 26. Re7 f6 27. Ke2 Nc5 28. Rxb7 Nxb7 29. Rb1 Na5 30. a4 g6 31. axb5 axb5 32. Rxb5 Nc4 33. Kd3 Nd6 34. Rd5 Nf5 35. Ke4 Nhg7 36. c4 Ne7 37. Rd7 1/2-1/2

[Event "GER-chT U12"]
[Site "Verden an der Aller"]
[Date "2007.12.27"]
[Round "1.3"]
[White "Herbst, Timothy"]
[Black "Vu Tuan, Minh"]
[Result "1-0"]
[WhiteElo "1103"]
[BlackElo "1184"]
[PlyCount "73"]
[EventDate "2007.12.27"]
[EventType "team-swiss"]
[EventRounds "7"]
[EventCountry "GER"]
[SourceTitle "EXT 2009"]
[Source "ChessBase"]
[SourceDate "2008.11.26"]
[SourceVersion "1"]
[SourceVersionDate "2008.11.26"]
[SourceQuality "1"]
[WhiteTeam "Baiertal/Schatthausen U12"]
[BlackTeam "Bautzen Einheit U12"]
[WhiteTeamCountry "GER"]
[BlackTeamCountry "GER"]

1. c4 e5 2. g3 c6 3. Nc3 Nf6 4. Nf3 d6 5. d3 Be7 6. Bg2 Bd7 7. 0-0 Qc8 8. Be3 Bh3 9. Qa4 0-0 10. Qc2 Bxg2 11. Kxg2 Rd8 12. d4 Ng4 13. h3 Nxe3+ 14. fxe3 Bf6 15. Ne4 Be7 16. Neg5 g6 17. h4 h6 18. Nh3 Nd7 19. Rf2 Nf6 20. Nh2 Ng4 21. Nxg4 Qxg4 22. e4 Qe6 23. d5 cxd5 24. cxd5 Qd7 25. Raf1 Rac8 26. Qb3 Rf8 27. Qe3 Kg7 28. a3 b6 29. Qf3 Bd8 30. b3 b5 31. b4 Bb6 32. e3 Rc3 33. h5 Rxe3 34. Qf6+ Kg8 35. hxg6 Rxe4 36. gxf7+ Kh7 37. Ng5+ 1-0

[Event "Sachsen-ch U10"]
[Site "Sebnitz"]
[Date "2005.04.01"]
[Round "7"]
[White "Ehrlich, Timo"]
[Black "Vu Tuan, Minh"]
[Result "0-1"]
[WhiteElo "984"]
[BlackElo "1147"]
[PlyCount "78"]
[EventDate "2005.03.29"]
[EventType "swiss"]
[EventRounds "7"]
[EventCountry "GER"]
[SourceTitle "EXT 2007"]
[Source "ChessBase"]
[SourceDate "2006.11.23"]
[SourceVersion "1"]
[SourceVersionDate "2006.11.23"]
[SourceQuality "1"]

1. e4 e5 2. Nf3 Nf6 3. Nc3 Nc6 4. Bc4 Bc5 5. 0-0 0-0 6. d3 h6 7. h3 d6 8. Bd2 Re8 9. Qc1 Be6 10. Bb3 Bxb3 11. cxb3 Re6 12. a3 Nd7 13. b4 Bd4 14. Nxd4 Nxd4 15. Qd1 Nb3 16. Qxb3 c5 17. bxc5 Nxc5 18. Qc2 Rc8 19. Rfe1 Qh4 20. Rf1 Rg6 21. Kh2 Ne6 22. Rg1 Qxf2 23. Raf1 Qg3+ 24. Kh1 Nf4 25. Be1 Qg5 26. Rf2 Qh5 27. Kh2 Qg5 28. Bd2 Qg3+ 29. Kh1 Nxh3 30. Be1 Nxf2+ 31. Bxf2 Qg4 32. Qe2 Qxe2 33. Nxe2 Rc2 34. Re1 Rxb2 35. Bxa7 Ra2 36. Be3 Rxa3 37. Nc1 Rc3 38. Rg1 Rg4 39. Bb6 Rh4# 0-1

[Event "Sachsen-ch U10"]
[Site "Sebnitz"]
[Date "2005.04.01"]
[Round "6"]
[White "Vu Tuan, Minh"]
[Black "Standke, Jan"]
[Result "1/2-1/2"]
[WhiteElo "1147"]
[BlackElo "856"]
[PlyCount "120"]
[EventDate "2005.03.29"]
[EventType "swiss"]
[EventRounds "7"]
[EventCountry "GER"]
[SourceTitle "EXT 2007"]
[Source "ChessBase"]
[SourceDate "2006.11.23"]
[SourceVersion "1"]
[SourceVersionDate "2006.11.23"]
[SourceQuality "1"]

1. e4 e5 2. Nf3 Nc6 3. Bc4 Nf6 4. d4 exd4 5. e5 Ne4 6. c3 d6 7. cxd4 dxe5 8. dxe5 Qxd1+ 9. Kxd1 Nxf2+ 10. Ke1 Nxh1 11. Kf1 Bc5 12. Nc3 Be6 13. Bxe6 fxe6 14. Nb5 0-0-0 15. Ng5 Nxe5 16. Nxe6 Rd7 17. Nxc5 Rd5 18. Be3 b6 19. b4 bxc5 20. bxc5 Rf8+ 21. Kg1 Nc6 22. Kxh1 Rdf5 23. h3 h6 24. Nc3 Nb4 25. Bd4 Nc2 26. Rd1 Rf1+ 27. Rxf1 Rxf1+ 28. Bg1 Nb4 29. a4 Nd3 30. Kh2 h5 31. Ne4 h4 32. Ng5 Ne5 33. Bd4 Ng6 34. Bxg7 Rf2 35. Kg1 Rf5 36. Ne6 Rf7 37. Bc3 Nf4 38. Nxf4 Rxf4 39. Be5 Rxa4 40. g3 hxg3 41. Bxg3 Rc4 42. h4 Rxc5 43. Kh2 Rd5 44. Kh3 Rd7 45. h5 c5 46. h6 c4 47. Be5 Rh7 48. Bf4 a5 49. Kh4 a4 50. Kh5 c3 51. Kg6 a3 52. Kxh7 a2 53. Kg6 a1Q 54. h7 c2 55. Kf7 Qa4 56. Bc1 Qh4 57. Kg8 Qd8+ 58. Kg7 Qe7+ 59. Kg8 Qd8+ 60. Kg7 Qd4+ 1/2-1/2

[Event "Sachsen-ch U10"]
[Site "Sebnitz"]
[Date "2005.03.29"]
[Round "2"]
[White "Merker, Konstantin"]
[Black "Vu Tuan, Minh"]
[Result "1-0"]
[WhiteElo "1083"]
[BlackElo "1147"]
[PlyCount "59"]
[EventDate "2005.03.29"]
[EventType "swiss"]
[EventRounds "7"]
[EventCountry "GER"]
[SourceTitle "EXT 2007"]
[Source "ChessBase"]
[SourceDate "2006.11.23"]
[SourceVersion "1"]
[SourceVersionDate "2006.11.23"]
[SourceQuality "1"]

1. e4 e5 2. Nf3 Nc6 3. d4 exd4 4. Nxd4 Bc5 5. Nb3 Bb6 6. a4 Qf6 7. f3 Nge7 8. c3 d6 9. a5 Bc5 10. Nxc5 dxc5 11. Be3 Qd6 12. Be2 0-0 13. 0-0 Be6 14. Qd2 Rad8 15. Bf4 Qxd2 16. Nxd2 Rd7 17. a6 bxa6 18. Rxa6 Kh8 19. Bb5 Rg8 20. Bxc6 Nxc6 21. Rxc6 g5 22. Be5+ Rg7 23. Bxg7+ Kxg7 24. Rd1 Re7 25. Rxc5 Bc8 26. Rxg5+ Kh6 27. f4 f6 28. Rg8 Ba6 29. Re1 f5 30. Re3 1-0